000 01102cab a2200205 4500
001 ##L132909
008 060322n2006 000 0 eng u
035 _a(Sirsi) u132909
041 0 _aeng
100 1 _aTaylor, Jessica
245 0 0 _aTaking responsibility
260 _c2006
490 0 _aRICS Building Surveying Faculty The Journal
_vMarch / April 2006, 16(1)
520 _aSecond of a three-part series examining the changes to the JCT suite of contracts. This article discusses the JCT Design and Build Contract 2005 (DB05). As well as incorporating a number of amendments that were commonly made by practitioners to the previous form of contract, DB05 clarifies responsibility for design problems and issues surrounding payment applications and withholding notices. It also provides that the employer defines the site boundaries.
590 _aIKA280306
650 2 4 _aJCT DESIGN AND BUILD CONTRACT (2005 EDITION)
651 4 _aUnited Kingdom
_y
690 _aBUILT ENVIRONMENT-BUILDING CONTRACT FORMS-STANDARD FORMS OF BUILDING CONTRACT-JOINT CONTRACTS TRIBUNAL CONTRACTS
942 _n0
999 _c76686
_d76686